000
00295nam a2200121Ia 4500
003
GCL
008
140319s9999 xx 000 0 ara d
040
_a
GCL /
_c
GCL
082
0
4
_a
د
_b
050
245
1
0
_a
دموع التوبة ( اقرا 420 )
300
_a
159 ص
490
_a
وثائق ونصوص
_v
0
999
_c
27379
_d
27379